Największe wyspy w Grecji z mapą - Statystyki

Ogólne statystyki
  • Ten quiz został rozwiązany 2 497 razy
  • Średni wynik to 5 z 16
Odpowiedzi na mapie
Odpowiedzi zakodowano w zielono-czerwonej skali na mapie do tego quizu, zgodnie z poniższymi procentami.
 
Statystyki odpowiedzi
km2 Wyspa % Poprawnych
8336 Kreta
99%
1401 Rodos
78%
593 Korfu
50%
1633 Lesbos
48%
290 Kos
46%
781 Kefalonia
26%
406 Zakintos
25%
3670 Eubea
22%
478 Samos
20%
842 Chios
17%
430 Naksos
16%
380 Tasos
14%
478 Limnos
13%
303 Leukada
12%
380 Andros
9%
300 Karpatos
9%
Nie znaleziono quizów pasujących do podanych kryteriów
Rozkład punktacji
Procent ludzi z każdym wynikiem
Percentyl według liczby udzielonych odpowiedzi
Twoja historia wyników
Nie rozwiązałeś tego quizu